Predstavlenije i ispoľzovanije znanij /
Salvato in:
| Altri autori: | |
|---|---|
| Natura: | Libro |
| Lingua: | russo |
| Pubblicazione: |
Moskva :
Mir,
1989
|
| Tags: |
Nessun Tag, puoi essere il primo ad aggiungerne!!
|
MARC
| LEADER | 00000nam a22000003a 4500 | ||
|---|---|---|---|
| 001 | stu3763 | ||
| 005 | 20150617225810.4 | ||
| 008 | 930503s1989----xxr-----------------rus-d | ||
| 040 | |a STU |b slo | ||
| 041 | 0 | |a rus | |
| 044 | |a xxr | ||
| 080 | |a 681.322.06 | ||
| 080 | |a 519.685 |7 stu_us_auth*stu8263 | ||
| 080 | |a 519.76 | ||
| 100 | 1 | |a Isidzuka, M |4 com | |
| 245 | 1 | |a Predstavlenije i ispoľzovanije znanij / |c Red.: Isidzuka,M | |
| 260 | |a Moskva : |b Mir, |c 1989 | ||
| 300 | |a 22 s | ||
| 996 | |c I*13ZS4062 |l I |s A |a 24 |w stu3763_0001 | ||